| 000 | 00345nam a2200145Ia 4500 | ||
|---|---|---|---|
| 008 | 150301s2014 xx 000 0 und d | ||
| 082 |
_a618.92 _bC14G |
||
| 100 | _aGUPTA, PIYUSH | ||
| 245 | _aCLINICAL METHODS IN PEDIATRICS | ||
| 250 | _a3RD | ||
| 260 |
_bCBS PUB. _aINDIA _c2014 |
||
| 300 | _a605 | ||
| 650 | _aPEDIATRICS | ||
| 942 |
_2ddc _cBK _029 |
||
| 999 |
_c6714 _d6714 |
||